| 000 | 00801nam a22002297a 4500 | ||
|---|---|---|---|
| 005 | 20081020104231.0 | ||
| 008 | 081020t xxu||||| |||| 00| 0 eng d | ||
| 010 | _aENG-84129 | ||
| 020 | _a8183240593 | ||
| 020 | _c350.00 (hb) | ||
| 035 | _aEN-67662 | ||
| 082 | _a342.06 / PRA | ||
| 100 | _aPrasad, R N | ||
| 245 |
_aAdministration of justice in Mizoram / _cby R N Prasad and P Chakraborty |
||
| 260 |
_aNew Delhi _bMittal Publications |
||
| 260 | _c2006 | ||
| 300 |
_ax,145p _c22cm |
||
| 500 | _aIncludes bibliographical references and index | ||
| 700 |
_aChakraborty, P _cjt auth |
||
| 942 |
_2ddc _cEN _h342.06 _mPRA |
||
| 999 |
_c17093 _d17093 |
||